Municipis de la comarca de Tramuntana de Mallorca. Illes Balears - Statistics

General Stats
  • This quiz has been taken 12 times
  • The average score is 10 of 13
Answer Stats
Municipi % Correct
Banyalbufar
100%
Deià
100%
Pollença
100%
Esporles
89%
Sóller
89%
Valldemossa
89%
Andratx
78%
Bunyola
67%
Calvià
67%
Escorca
67%
Estellencs
67%
Puigpunyent
44%
Fornalutx
33%
No matching quizzes found
Score Distribution
Percent of People with Each Score
Percentile by Number Answered
Your Score History
You have not taken this quiz